| 000 | 00842nam a2200193 a 4500 | ||
|---|---|---|---|
| 005 | 20230610063636.0 | ||
| 008 | 991125s1978 gua 000 0 spa u | ||
| 035 | _aUPN01000029792 | ||
| 049 | _aCG | ||
| 050 | 4 |
_aLB1591 _bG6.5 |
|
| 100 | 1 | _aGonzález Flores, Martha Leticia | |
| 245 | 1 | 3 |
_aLa importancia del arte en la escuela primaria / _cMartha Leticia González Flores. |
| 260 |
_aGuadalajara : _bM. L. González Flores, _c1978. |
||
| 300 |
_a50 h. : _bil. |
||
| 502 | _aTesis (Lic. en Educación Primaria) -- Dirección General de Capacitación y Mejoramiento Profesional del Magisterio, Dirección de Licenciatura para Maestros en Servicio, 1978 | ||
| 650 | 4 |
_aArte _xEstudio y enseñanza (Elemental) _92642 |
|
| 710 | 1 |
_aMéxico. _bDirección General de Capacitación y Mejoramiento Profesional del Magisterio _928116 |
|
| 905 | _aLibro | ||
| 999 |
_c29792 _d29792 |
||